000 00744nam a2200241Ia 4500
005 20260430150208.0
008 008 250103s9999 xx 000 0 eng d
037 _aTheses
040 _aCRL
040 _beng
040 _ceng
041 _2eng
041 _aeng
084 _qCRL
100 _aParveen Seema Au.; Goel Shailendra Gu.
_91236755
245 0 _aAnalysis of genetic diversity, niche modelling and transcriptome of endosperm developmental stages in genus Nymphaea: An import water lily from ANA grade with diploid endosperm
260 _c2022
300 _a174p.
650 _aBotany
700 _aUniversity of Delhi. Faculty of Science. Deptarment of Botany
_91236756
942 _cTH
999 _c1849186
_d1849186